00893cam a2200265 a 45000010009000000050017000090080041000260100017000670200022000840400018001060410013001240430012001370500020001490820024001691000026001932400022002192450063002412600047003043000044003514400021003955000028004166000059004446510062005037000062005651376412720200421093826.0041027s2003 enkbj b 001 0beng  a 2004559865 a0140449582 (pbk.) aDLCcDLCdDLC1 aenghgre amm-----00aDF605b.C6 200300a949.5/03/092aB2221 aComnena, Anna,d1083-10aAlexias.lEnglish14aThe Alexiad /cAnna Comnena ; translated by E.R.A. Sewter. aLondon ; New York :bPenguin Books,c2003. a560 p. :bgeneal. table, maps ;c19 cm. 0aPenguin classics aTranslation of Alexias.00aAlexiusbI Comnenus,cEmperor of the East,d1048-1118. 0aByzantine EmpirexHistoryyAlexius I Comnenus, 1081-1118.1 aSewter, E. R. A.q(Edgar Robert Ashton),d1907-1976,etr.